00358nam a2200157Ia 45000010006000000050017000060080041000230410008000640820015000721000029000872450031001162600009001473000028001566500008001846540008001921939720260306172650.0260306t2001||||xx |||||||||||||| ||spa|| aESP a659.1bP84 aPatt Gaballi, PedroeAUT 0a505 verdades publicitarias c2001 a212 páginas :c22 cm. aGEN aCAN